| 000 | 00734nam a22002057a 4500 | ||
|---|---|---|---|
| 005 | 20240426175434.0 | ||
| 008 | 130821s1952 fr gr fre | ||
| 040 |
_aCo-BoUCM _bspa _cNatalia Piñeros (Modificó) _dNatalia Piñeros (Modificó) |
||
| 041 | 0 | 0 | _afre |
| 100 |
_aChittenden, Frank A. _9170976 _d1910-1998 |
||
| 245 | 0 | 0 |
_aÉtrange accueil _cFrank. A. Chittenden |
| 260 |
_aParís (Francia) _bLibrairie Champs-Elyseés _c1952 |
||
| 300 | _a242 Páginas | ||
| 490 | _aLe Masque Collection du romans d'aventures | ||
| 650 | 0 | 4 |
_aNovela policiaca _920557 |
| 650 | 1 | 7 |
_aNovela americana _9180570 |
| 700 |
_aVernay, Perrine _9180569 |
||
| 942 |
_cLIBRO _a18 _e1 _mC543 _n0 _2DEWEY _h813.5 |
||
| 999 |
_c87382 _d87382 |
||